Normal view
MARC view
- Engvick William
Entry Personal Name
001 - CONTROL NUMBER
- control field: 6943
003 - CONTROL NUMBER IDENTIFIER
- control field: IT-RoPau
005 - DATE AND TIME OF LATEST TRANSACTION
- control field: 20140101214039.0
008 - FIXED-LENGTH DATA ELEMENTS
- fixed length control field: 140101|| aca||aabn | a|a d
040 ## - CATALOGING SOURCE
- Original cataloging agency: IT-RoPau
- Transcribing agency: IT-RoPau
100 ## - HEADING--PERSONAL NAME
- Personal name: Engvick William
- Dates associated with a name: Codice autore SPICS: 15849
- Relator term: Autore
- Name of part/section of a work: The Song from "Moulin Rouge"
670 ## - SOURCE DATA FOUND
- Source citation: Work cat.: (IT-RoPau)103179: AA.VV. 794, Can Can (Caravelli e la sua orchestra d'archi)-Lp Rb 10